STN ISO 690. Informácie a dokumentácia návod na tvorbu bibliografických odkazov na informačné pramene a ich citovanie

Salvato in:
Dettagli Bibliografici
Autore principale: Katuščák, Dušan
Natura: Libro
Lingua:slovacco
Pubblicazione: Bratislava Slovenský ústav technickej normalizácie 2012
Edizione:3. vyd.
Soggetti:
Tags: Aggiungi Tag
Nessun Tag, puoi essere il primo ad aggiungerne!!

MARC

LEADER 00000nam a2200000 4500
001 0155214
005 20240104124436.2
041 0 |a slo 
044 |a SK 
245 1 0 |a STN ISO 690. Informácie a dokumentácia  |b návod na tvorbu bibliografických odkazov na informačné pramene a ich citovanie  |c spracovateľ Dušan Katuščák 
250 |a 3. vyd. 
264 1 |a Bratislava  |b Slovenský ústav technickej normalizácie  |c 2012 
300 |a 52 s. 
500 |a Táto norma obsahuje slovenskú verziu ISO 690: 2010 a nahrádza STN ISO z apríla 1998 a STN ISO 690-2 z decembra 2001 
610 2 0 |a informácie 
610 2 0 |a dokumentácia 
610 2 0 |a knihoveda 
610 2 0 |a citácie bibliografické 
100 1 |a Katuščák, Dušan